Central Library OPAC University of Rajshahi

Information systems through COBOL / (Record no. 61296)

MARC details
000 -LEADER
fixed length control field 00857nam a2200277 a 4500
001 - CONTROL NUMBER
control field 61296
003 - CONTROL NUMBER IDENTIFIER
rucl marc code BD-RjUL
005 - DATE AND TIME OF LATEST TRANSACTION
control field 20211209080938.0
008 - FIXED-LENGTH DATA ELEMENTS--GENERAL INFORMATION
fixed length control field 170117s1978 enka 001 0 eng
020 ## - INTERNATIONAL STANDARD BOOK NUMBER
International Standard Book Number 0070497915
035 ## - SYSTEM CONTROL NUMBER
System control number (BD-RjUL)61420
040 ## - CATALOGING SOURCE
Original cataloging agency DLC
Transcribing agency DLC
Modifying agency BD-RjUL
Language of cataloging eng
041 ## - LANGUAGE CODE
Language code of text/sound track or separate title eng
082 00 - DEWEY DECIMAL CLASSIFICATION NUMBER
Classification number 658.403
Edition number 23
Author mark and year PHI 1978
100 1# - MAIN ENTRY--PERSONAL NAME
Personal name Philippakis, Andreas S.
9 (RLIN) 182813
245 10 - TITLE STATEMENT
Title Information systems through COBOL /
Statement of responsibility, etc. Andreas S. Philippakis, Leonard J. Kazmier.
250 ## - EDITION STATEMENT
Edition statement 2d ed.
260 ## - PUBLICATION, DISTRIBUTION, ETC. (IMPRINT)
Place of publication, distribution, etc. New York :
Name of publisher, distributor, etc. McGraw-Hill,
Date of publication, distribution, etc. c1978.
300 ## - PHYSICAL DESCRIPTION
Pagination xiii, 606 p. :
Illustrations ill. ;
Size 24 cm.
500 ## - GENERAL NOTE
General note Includes index.
650 #0 - SUBJECT ADDED ENTRY--TOPICAL TERM
Topical term or geographic name as entry element Management information systems.
9 (RLIN) 182156
Topical term or geographic name as entry element COBOL (Computer program language)
9 (RLIN) 182814
700 1# - ADDED ENTRY--PERSONAL NAME
Personal name Kazmier, Leonard J.,
Relator term joint author.
942 ## - ADDED ENTRY ELEMENTS (KOHA)
Source of classification or shelving scheme Dewey Decimal Classification
Koha item type Books
Holdings
Lost status Source of classification or shelving scheme Damaged status Not for loan Collection code Permanent Location Current Location Shelving location Date acquired Source of acquisition Total Checkouts Full call number Date last seen Copy number Koha item type
  Dewey Decimal Classification   Not For Loan Non-fiction Central Library, University of Rajshahi Central Library, University of Rajshahi Reading Room 17/07/1990 Asia foundation   658.403 PHI 1978 17/01/2017 C-1 Books